|
|
|
|
| LEADER |
00000cam a2200000 a 4500 |
| 001 |
vtls001080512 |
| 003 |
SK-MaSNL |
| 005 |
20260301153239.0 |
| 008 |
250225s1989 xo al f np 000 0 slo |
| 015 |
|
|
|a SNBA1989/04
|
| 020 |
|
|
|a 8022300268
|
| 035 |
|
|
|a SNK000023349
|
| 035 |
|
|
|a urn:nbn:sk:snk-amljoh
|
| 035 |
|
|
|a urn:nbn:sk:snk-am00byh3
|
| 035 |
|
|
|a AA035F8E-1E5F-40BF-8025-E30D1A55F8F5
|
| 035 |
|
|
|a urn:nbn:sk:snk-am00byh4
|
| 035 |
|
|
|a 60D50AB6-9B2B-4AB0-8C50-B4A46CAE5373
|
| 035 |
|
|
|a urn:nbn:sk:snk-am00bpn3
|
| 035 |
|
|
|a 82E80C5F-8ED9-46CA-A4DF-020541134657
|
| 040 |
|
|
|a SNK
|b slo
|c SNK
|e AACR2
|
| 041 |
0 |
|
|a slo
|
| 044 |
|
|
|a xo
|c SK
|
| 080 |
|
|
|a 911.3:312(075.8)
|2 1981
|
| 080 |
|
|
|a 312(075.8)
|2 1981
|
| 100 |
1 |
|
|a Bašovský, Oliver,
|d 1930-2003
|4 aut
|9 40324
|
| 245 |
1 |
0 |
|a Geografia obyvateľstva a sídiel
|c Oliver Bašovský, Jozef Mládek
|
| 250 |
|
|
|a 2. nezmenené vydanie
|
| 260 |
|
|
|a Bratislava
|b Univerzita Komenského
|c 1989
|
| 300 |
|
|
|a 223 strán
|b schémy, mapy, tabuľky
|c 29 cm
|
| 366 |
|
|
|e 300 kusov
|
| 490 |
1 |
|
|a Vysokoškolské skriptá
|
| 504 |
|
|
|a Obsahuje bibliografiu
|
| 650 |
0 |
7 |
|a geografia obyvateľstva
|2 SNKPH
|9 1087
|
| 650 |
0 |
7 |
|a geografia sídel
|2 SNKPH
|9 1088
|
| 655 |
|
7 |
|a učebnice vysokých škôl
|2 SNKPH
|9 70191
|
| 655 |
|
7 |
|a Textbooks (higher)
|2 SNKPHeng
|9 276436
|
| 700 |
1 |
|
|a Mládek, Jozef,
|d 1939-
|4 aut
|9 97810
|
| 830 |
|
0 |
|a Vysokoškolské skriptá
|9 276440
|
| 852 |
|
|
|a Slovenská národná knižnica
|
| 919 |
|
|
|a 80-223-0026-8
|
| 954 |
|
|
|a odborná, vedecká literatúra pôvodná (slovenská)
|2 lita
|
| 958 |
|
|
|a EUIPO
|
| 958 |
|
|
|a OND
|
| 958 |
0 |
7 |
|a NB
|
| 958 |
0 |
7 |
|a RM
|
| 958 |
0 |
7 |
|a UV
|
| 999 |
|
|
|c 792142
|d 794072
|
| 952 |
|
|
|a SNK
|b SNK
|y VYP
|7 0
|p 17A0515210
|o snkSB 44713/príl. 2 D1
|i snkKSP 2223/89
|0 0
|1 0
|4 0
|d 2006-07-07
|l 0
|r 2026-02-24 01:41:40
|w 2026-02-24
|
| 952 |
|
|
|a SNK
|b SNK
|y VYP
|7 0
|p 17A0515215
|o snkSB 44713/príl. 1 D2
|i snkKSP 6986/2002
|0 0
|1 0
|4 0
|d 2006-07-07
|l 0
|r 2026-02-24 01:41:40
|w 2026-02-24
|
| 952 |
|
|
|a SNK
|b SNK
|y PREZ
|7 0
|p 17A0515213
|o snkSB 44713/príl. 1
|i snkKSP 2222/89
|0 0
|1 0
|4 0
|d 2006-07-07
|f 1
|l 0
|r 2026-02-24 01:41:40
|w 2026-02-24
|
| 952 |
|
|
|a SNK
|b SNK
|y PREZ
|7 0
|p 17A0515214
|o snkSB 44713/príl. 2
|i snkKSP 2222/89
|0 0
|1 0
|4 0
|d 2006-07-07
|f 1
|l 0
|r 2026-02-24 01:41:40
|w 2026-02-24
|
| 952 |
|
|
|a SNK
|b SNK
|y VYP
|7 0
|p 17A0026341
|o snkSB 44713 D1
|i snkKSP 2223/89
|0 0
|1 0
|4 0
|d 1996-12-06
|l 0
|r 2004-12-31 00:00:00
|w 2026-02-24
|
| 952 |
|
|
|a SNK
|b SNK
|y PREZ
|7 0
|p 17A0107581
|o snkSB 44713
|i snkKSP 2222/89
|0 0
|1 0
|4 0
|d 1997-11-12
|f 1
|l 0
|r 2016-12-31 00:00:00
|w 2026-02-24
|
| 952 |
|
|
|a SNK
|b SNK
|y VYP
|7 0
|p 17A0347251
|o snkSB 44713 D2
|i snkKSP 6986/2002
|3 Poškodená väzba!
|0 0
|1 0
|4 0
|d 2002-06-05
|l 0
|r 2004-12-31 00:00:00
|w 2026-02-24
|
| 952 |
|
|
|a SNK
|b SNK
|y VYP
|7 0
|p 17A0340790
|o snkSB 44713/príl.1 D2
|i snkKSP 6986/2002
|0 0
|1 0
|4 0
|d 2002-06-06
|l 0
|r 2004-12-31 00:00:00
|w 2026-02-24
|
| 952 |
|
|
|a SNK
|b SNK
|y VYP
|7 0
|p 17A0515211
|o snkSB 44713/ príl. 1 D1
|i snkKSP 2223/89
|0 0
|1 0
|4 0
|d 2003-03-27
|l 0
|r 2004-12-31 00:00:00
|w 2026-02-24
|